Fr. Conceicao Rodrigues College of Engineering

Funds of assembly language programming (Record no. 31280)

MARC details
000 -LEADER
fixed length control field 00314nam a2200133Ia 4500
100 ## - MAIN ENTRY--PERSONAL NAME
Personal name Detmer richard E
245 ## - TITLE STATEMENT
Title Funds of assembly language programming
260 ## - PUBLICATION, DISTRIBUTION, ETC.
Name of publisher, distributor, etc. Galgotia Publications
Place of publication, distribution, etc. New Delhi
Date of publication, distribution, etc. 1992
300 ## - PHYSICAL DESCRIPTION
Extent 530
546 ## - LANGUAGE NOTE
Language note ENGLISH
654 ## - SUBJECT ADDED ENTRY--FACETED TOPICAL TERMS
Focus term assembly language
942 ## - ADDED ENTRY ELEMENTS (KOHA)
Koha item type BOOK
Holdings
Withdrawn status Lost status Damaged status Not for loan Collection Home library Current library Shelving location Date acquired Cost, normal purchase price Total Checkouts Full call number Barcode Date last seen Cost, replacement price Price effective from Koha item type
        CRC Fr. Agnel's C.Rodrigues College of Engineering Fr. Agnel's C.Rodrigues College of Engineering   17/03/2023 100.00   3663 17/03/2023 100.00 17/03/2023 BOOK